मेरी प्रिय कहानियाँ: (Record no. 54186)

MARC details
000 -LEADER
fixed length control field 01248nam a22002657a 4500
005 - DATE AND TIME OF LATEST TRANSACTION
control field 20090724135734.0
008 - FIXED-LENGTH DATA ELEMENTS--GENERAL INFORMATION
fixed length control field 090608t xxu||||| |||| 00| j hin d
010 ## - LCCN (DPL NO)
LC control number HIN-93348
020 ## - INTERNATIONAL STANDARD BOOK NUMBER
International Standard Book Number 8190246348
Terms of availability 300.00
035 ## - SYSTEM CONTROL NUMBER
System control number HN-65694
037 ## - SOURCE OF ACQUISITION
Source of stock number/acquisition DBAD / PUB
040 ## - CATALOGING SOURCE
Original cataloging agency DPL
Language of cataloging HN
082 ## - DEWEY DECIMAL CLASSIFICATION NUMBER
Classification number
100 ## - MAIN ENTRY--PERSONAL NAME
9 (RLIN) 1372
Personal name शर्मा, ललित कुमार 'ललित'
245 ## - TITLE STATEMENT
Title मेरी प्रिय कहानियाँ:
Statement of responsibility, etc ललित कुमार शर्मा 'ललित'
Remainder of title दाम्पत्य एवं प्रेम-संदर्भों की बारह कहानियाँ /
260 ## - PUBLICATION, DISTRIBUTION, ETC. (IMPRINT)
Place of publication, distribution, etc इलाहाबाद
Name of publisher, distributor, etc सीमा प्रकाशन
Date of publication, distribution, etc 2011
270 ## - ADDRESS
Address 542, खलासी लइन, कीडगंज
City इलाहाबाद
300 ## - PHYSICAL DESCRIPTION
Extent 136पृ.
Dimensions 22सेमी (सजिल्द)
650 ## - SUBJECT ADDED ENTRY--TOPICAL TERM
9 (RLIN) 1169
Topical term or geographic name as entry element लघु कथाएँ, हिन्दी
650 ## - SUBJECT ADDED ENTRY--TOPICAL TERM
9 (RLIN) 29837
Topical term or geographic name as entry element Short Stories, Hindi
700 ## - ADDED ENTRY--PERSONAL NAME
9 (RLIN) 29841
700 ## - ADDED ENTRY--PERSONAL NAME
9 (RLIN) 29845
942 ## - ADDED ENTRY ELEMENTS (KOHA)
Source of classification or shelving scheme Dewey Decimal Classification
Item type Hindi Books
Call number suffix शर्माल
Classification part
Holdings
Withdrawn status Lost status Source of classification or shelving scheme Damaged status Not for loan Collection code Home library Current library Date acquired Source of acquisition Cost, normal purchase price Total Checkouts Full call number Barcode Date last seen Copy number Cost, replacement price Koha item type
    Dewey Decimal Classification   Not For Loan Fiction D.B.Act.Division D.B.Act.Division 21/07/2011 DBAD / PUB 300.00   क शर्माल HN-65694 21/07/2011 1 300.00 Hindi Books

© Delhi Public Library
Hit Counter
free hit counter